000 00572nam a2200241 a 4500
001 nice12345678
003 IN_TiNIC
005 20260116012925.0
008 050524s0000 teha grp 000 0 ara
020 _a
_c100
082 0 0 _a297.82
_bMUT
100 _aMuttahari, Murtaza
245 _aAlinsan Wal Imaan
260 _aTehran
_bMaktaba Islamia Kubra
_c0000
300 _a68p
500 _aincludes index and biblioraphy
505 2 _aIndex
650 _aShiah-Doctrines
700 1 _aMuttahari, Murtaza
902 _bSRS
942 _cBK
999 _c8911
_d8911